Statistics for Movies with Places in the Title

Click here to take the quiz!

General Stats

  • This quiz has been taken 230 times
    (143 since last reset)
  • The average score is 12 of 30

Answer Stats

DateMovie% Correct
2002Sweet Home {Alabama}
91%
1986Crocodile {Dundee}
87%
1988Coming to {America}
86%
2002Gangs of {New York}
86%
2010When in {Rome}
79%
1964Viva {Las Vegas}
75%
1984A Passage to {India}
72%
2010From {Paris} with Love
67%
2016{London} has Fallen
66%
1940The Thief of {Baghdad}
52%
1988Bull {Durham}
47%
1978The Boys from {Brazil}
46%
1990{Memphis} Belle
41%
1998The Prince of {Egypt}
37%
1984{Moscow} on the Hudson
33%
1986{Shanghai} Surprise
33%
1961Blue {Hawaii}
30%
2001The Tailor of {Panama}
26%
1943Destination {Tokyo}
23%
1988Judgement in {Berlin}
22%
2013Sunshine on {Leith}
22%
1965Flight of the {Phoenix}
19%
1968Krakatoa, East of {Java}
18%
1949Passport to {Pimlico}
18%
1987The {Hanoi} Hilton
18%
2014{Jersey} Boys
10%
196355 Days at {Peking}
9%
1969{Monte Carlo} or Bust
9%
1971Cold {Turkey}
8%
1962The Road to {Hong Kong}
8%

Score Distribution

Percentile by Number Answered

Percent of People with Each Score

Your Score History

You have not taken this quiz since the last reset